000 00639nam a2200229Ia 4500
003 OSt
005 20221007075311.0
006 a|||||r|||| 00| 0
007 ta
008 221006b |||||||| |||| 00| 0 eng d
024 _a15,809
037 _cReports / Technical Reports
040 _aFLL
_cFLL
_beng
041 _2eng
_aeng
082 _aX72t72.N66, K6.2
245 0 _aReport of the royal commission on taxation
260 _aNew Delhi
_bFederation house India
_c1966
300 _a353p
_ccm.
490 _vVol.2
942 _hX72t72.N66, K6.2
_cREP
_2CC
999 _c1155535
_d1155535